<?xml version="1.0" encoding="UTF-8"?>
<record
    xmlns:xsi="http://www.w3.org/2001/XMLSchema-instance"
    xsi:schemaLocation="http://www.loc.gov/MARC21/slim http://www.loc.gov/standards/marcxml/schema/MARC21slim.xsd"
    xmlns="http://www.loc.gov/MARC21/slim">

  <leader>01041nam a22002177a 4500</leader>
  <datafield tag="999" ind1=" " ind2=" ">
    <subfield code="c">22682</subfield>
    <subfield code="d">22682</subfield>
  </datafield>
  <controlfield tag="003">OSt</controlfield>
  <controlfield tag="005">20230919145053.0</controlfield>
  <controlfield tag="008">230731b           ||||| |||| 00| 0 eng d</controlfield>
  <datafield tag="040" ind1=" " ind2=" ">
    <subfield code="a">Municipalidad Provincial del Cusco</subfield>
    <subfield code="b">spa</subfield>
    <subfield code="c">Biblioteca Municipal del Cusco</subfield>
  </datafield>
  <datafield tag="082" ind1=" " ind2=" ">
    <subfield code="a">780.2 / R88</subfield>
    <subfield code="b">R88</subfield>
  </datafield>
  <datafield tag="100" ind1=" " ind2=" ">
    <subfield code="9">42152</subfield>
    <subfield code="a">Rozas Arag&#xF3;n, Abel</subfield>
  </datafield>
  <datafield tag="245" ind1=" " ind2=" ">
    <subfield code="a">Miscel&#xE1;nea Cultural del Cusco /</subfield>
    <subfield code="c">Abel Rozas Arag&#xF3;n </subfield>
  </datafield>
  <datafield tag="260" ind1=" " ind2=" ">
    <subfield code="a">Cusco :</subfield>
    <subfield code="b">Abel Rozas Arag&#xF3;n,</subfield>
    <subfield code="c">2022</subfield>
  </datafield>
  <datafield tag="300" ind1=" " ind2=" ">
    <subfield code="a">496 p&#xE1;ginas ; fotos ;</subfield>
    <subfield code="c">16 cm.</subfield>
  </datafield>
  <datafield tag="505" ind1=" " ind2=" ">
    <subfield code="a">Una recopilaci&#xF3;n de sesenta y un textos en los cuales se vierte toda la experiencia de vida del autor. Son art&#xED;culos, notas, comentarios, reflexiones textos de cariz hist&#xF3;rico o musicol&#xF3;gico, algunas necesarias biograf&#xED;as y aproximaciones a la vida musical y cultural del Cusco, publicados en peri&#xF3;dicos, revistas o programas de mano...</subfield>
  </datafield>
  <datafield tag="650" ind1=" " ind2="0">
    <subfield code="9">22216</subfield>
    <subfield code="a">M&#xFA;sica - Cusco</subfield>
  </datafield>
  <datafield tag="650" ind1=" " ind2="0">
    <subfield code="9">13952</subfield>
    <subfield code="a">Mus&#xED;ca orquestal - Per&#xFA; - Cusco</subfield>
  </datafield>
  <datafield tag="650" ind1=" " ind2="0">
    <subfield code="9">18083</subfield>
    <subfield code="a">Historia de Cusco</subfield>
  </datafield>
  <datafield tag="942" ind1=" " ind2=" ">
    <subfield code="2">ddc</subfield>
    <subfield code="c">LIBROS</subfield>
  </datafield>
  <datafield tag="945" ind1=" " ind2=" ">
    <subfield code="a">vcp</subfield>
    <subfield code="d">2023-07-27</subfield>
  </datafield>
  <datafield tag="952" ind1=" " ind2=" ">
    <subfield code="0">0</subfield>
    <subfield code="1">0</subfield>
    <subfield code="2">ddc</subfield>
    <subfield code="4">0</subfield>
    <subfield code="7">0</subfield>
    <subfield code="a">SA</subfield>
    <subfield code="b">SA</subfield>
    <subfield code="c">CART</subfield>
    <subfield code="d">2023-01-16</subfield>
    <subfield code="o">780.2 / R88</subfield>
    <subfield code="p">SA0000000750</subfield>
    <subfield code="r">2023-07-31</subfield>
    <subfield code="w">2023-01-16</subfield>
    <subfield code="y">LIBROS</subfield>
  </datafield>
  <datafield tag="952" ind1=" " ind2=" ">
    <subfield code="0">0</subfield>
    <subfield code="1">0</subfield>
    <subfield code="2">ddc</subfield>
    <subfield code="4">0</subfield>
    <subfield code="7">0</subfield>
    <subfield code="a">SA</subfield>
    <subfield code="b">SA</subfield>
    <subfield code="c">CART</subfield>
    <subfield code="d">2023-01-16</subfield>
    <subfield code="o">780.2 / R88 / e.2</subfield>
    <subfield code="p">SA0000000751</subfield>
    <subfield code="r">2023-07-31</subfield>
    <subfield code="w">2023-01-16</subfield>
    <subfield code="y">LIBROS</subfield>
  </datafield>
</record>
